Представление документа в формате RUSMARC

ПолеНазваниеЗначение
  Тип записи a
  Библиографический уровень m
001 Контрольный номер RU/SLIB/B/215794946
005 Дата корректировки 20201206204434.8
010 Индекс ISBN __
d Цена 30-00
101 Язык документа __
a Язык текста rus
c Язык оригинала rus
200 Заглавие и сведения об ответственности 1_
a Заглавие Нижневартовск в художественной литературе
e Сведения, относящиеся к заглавию рек. указ.
f Первые сведения об ответственности МУ "БИС", Центр. гор. б-ка, Отдел краеведения ; [сост. В. С. Ванюжина ; ред. С. Ю. Распопова]
b Общее обозначение материала Текст
210 Выходные данные __
a Место издания Нижневартовск
c Издательство Нижневарт. тип.
d Дата издания 2004
215 Физическое описание __
a Объем 20 с.
330 Аннотация __
a Аннотация Рекомендательный библиографический указатель включает информацию об изданиях художественной литературы о г. Нижневартовске, вышедших как в городе, так и за его пределами.
606 Тематические рубрики __
a Основная рубрика Литература универсального содержания
606 Тематические рубрики __
a Основная рубрика Библиографические пособия
606 Тематические рубрики __
a Основная рубрика Литературоведение
z Хронологическая подрубрика 20 в.; 21 в.
y Географическая подрубрика Россия; Тюменская область; Ханты-Мансийский автономный округ - Югра; Нижневартовск
606 Тематические рубрики __
a Основная рубрика Русская литература XX в.
610 Ключевые слова __
a Ключевые слова библиография; художественная литература; тема города; краеведение; библиографическая информация; библиографические данные; библиографические записи
686 Индексы других классификаций __
a Классификационный индекс К91.9:83
686 Индексы других классификаций __
a Классификационный индекс К83.3(2Рос=Рус)6я1
702 Вторичная интеллектуальная ответственность _1
a Фамилия Ванюжин
b Имя В. С.
4 Код отношения Составитель
4 Код отношения 220
702 Вторичная интеллектуальная ответственность _1
a Фамилия Распопов
b Имя С. Ю.
4 Код отношения Редактор
4 Код отношения 340
801 Источник записи _0
a Страна RU
b Организация Муниципальное бюджетное учреждение культуры "Централизованная библиотечная система" г. Сургут (Центральная городская библиотека им. А. С. Пушкина)
g Правила каталогизации КиК/Дорошева
801 Источник записи _1
a Страна RU
b Организация Муниципальное бюджетное учреждение культуры "Централизованная библиотечная система" г. Сургут (Центральная городская библиотека им. А. С. Пушкина)
g Правила каталогизации КиК/Дорошева
852 Данные о местонахождении __
j Шифр хранения К91.9:83
i Авторский знак Н 60
901 Тип документа __
t Тип документа m
903 Характеристики (МАРС) __
a Дата передачи 20061123
969 Тип издания __
a Тип издания библиографический указатель
990 Данные о заказе (DOS) __
j Количество экземпляров (DOS) 1
h N записи в КСУ для Б/У (DOS) 200612